Přímé obchody: zveřejňování a transparentnost trhu
Realizácia dohody najväčších maklérskych spoločností o zverejňovaní priamych obchodov na českom kapitálovom trhu. Poradie zverejňovania údajov na burze. Pripojenie významných inštitúcií k dohode, sankcie za porušovanie dohody.
Salvato in:
| Autore principale: | |
|---|---|
| Natura: | Capitolo di libro |
| Lingua: | ceco |
| Soggetti: | |
| Tags: |
Nessun Tag, puoi essere il primo ad aggiungerne!!
|
MARC
| LEADER | 00000naa a2200000 4500 | ||
|---|---|---|---|
| 001 | r018995 | ||
| 005 | 20221208131449.2 | ||
| 041 | 0 | |a cze | |
| 044 | |a CZ | ||
| 245 | 1 | 0 | |a Přímé obchody: zveřejňování a transparentnost trhu |c K. Machala |
| 520 | |a Realizácia dohody najväčších maklérskych spoločností o zverejňovaní priamych obchodov na českom kapitálovom trhu. Poradie zverejňovania údajov na burze. Pripojenie významných inštitúcií k dohode, sankcie za porušovanie dohody. | ||
| 610 | 2 | 0 | |a trh kapitálový |
| 610 | 2 | 0 | |a burzy |
| 610 | 2 | 0 | |a burzovníctvo |
| 610 | 2 | 0 | |a obchody burzové |
| 610 | 2 | 0 | |a papiere cenné |
| 610 | 2 | 0 | |a obchody termínové |
| 610 | 2 | 0 | |a makléri |
| 610 | 2 | 0 | |a Česko |
| 100 | 1 | |a Machala, Karel | |